000
00297nam a2200133Ia 4500
005
20251222143107.0
008
251222s9999||||xx |||||||||||||| ||spa||
082
_a
700/U76
100
_a
Urgell, Guiomar de
245
0
_a
El Mate de Plata
250
_a
1ra.ed.
264
_b
AMIFEB
942
_c
LIB
999
_c
11024
_d
11024